000 01116nam a2200313 a 4500
001 ebr10463108
003 CaPaEBR
006 m u
007 cr cn|||||||||
008 100104s2009 sa s 000 p eng d
010 _z 2009404549
020 _z9780980272949
020 _z0980272947
020 _z9781920397449 (e-book)
040 _aCaPaEBR
_cCaPaEBR
035 _a(OCoLC)726828809
050 1 4 _aPR9369.3.M47
_bB87 2009eb
082 0 4 _a821.914
_222
100 1 _aMetelerkamp, Joan,
_d1956-
245 1 0 _aBurnt offering
_h[electronic resource] /
_cJoan Metelerkamp.
260 _aAthlone, South Africa :
_bModjaji Books,
_c2009.
300 _a94 p.
500 _aPoems.
533 _aElectronic reproduction.
_bPalo Alto, Calif. :
_cebrary,
_d2013.
_nAvailable via World Wide Web.
_nAccess may be limited to ebrary affiliated libraries.
650 0 _aSouth African poetry (English)
655 7 _aElectronic books.
_2local
710 2 _aebrary, Inc.
856 4 0 _uhttp://site.ebrary.com/lib/rucke/Doc?id=10463108
_zAn electronic book accessible through the World Wide Web; click to view
999 _c130339
_d130339